| 000 | 00951nam a2200301 i 4500 | ||
|---|---|---|---|
| 001 | 77911 | ||
| 003 | ES-MaACL | ||
| 005 | 20240520181645.0 | ||
| 007 | t| | ||
| 008 | 041115s1998 sp ||||1| spa d | ||
| 017 | _aB 42687-1999 | ||
| 020 | _a84-01-54114-X | ||
| 080 | _a929 Franco Bahamonde, Francisco | ||
| 080 | _a929 Juan Carlos (460) I | ||
| 080 | _a946.0"1939/75" | ||
| 100 | 1 |
_aVilallonga, José Luis de. _9114766 |
|
| 245 | 1 | 0 |
_aFranco y el rey / _cJosé Luis de Vilallonga. |
| 250 | _a1ª ed. | ||
| 260 |
_aBarcelona : _bPlaza & Janés, _c1998. |
||
| 300 |
_a319 p., 32 p. de lám. ; _c20 cm. |
||
| 490 | 1 | _aHistoria viva | |
| 600 | 1 | 4 |
_aFranco Bahamonde, Francisco, _d1892-1975 _952240 |
| 600 | 0 | 4 |
_aJuan Carlos _bI, _cRey de España _967108 |
| 651 | 4 |
_aEspaña- _xHistoria- _y1939-1975, Dictadura. _9167928 |
|
| 830 | 0 |
_aHistoria viva _9183067 |
|
| 852 |
_aES-MaACL _jE-10380 _bR.130903 |
||
| 999 |
_c77911 _d77911 |
||